000
00302nam a22001097a 4500
082
_a
297.2
_b
HUS
100
_a
Hussain, Mufti Jaffar
245
_a
Tarjama Nahjul Balagha /
_c
Mufti Jaffar Hussain
260
_a
Lahore :
_b
Umaima Kutab Khana,
_c
N,A.
300
_a
960 p. ;
_c
24 cm.
942
_2
ddc
_c
BK
999
_c
593289
_d
593289